Normal view
MARC view
- Intellect
Entry Topical Term
001 - CONTROL NUMBER
- control field: 35676
003 - CONTROL NUMBER IDENTIFIER
- control field: NUST
005 - DATE AND TIME OF LATEST TRANSACTION
- control field: 20210212121459.0
008 - FIXED-LENGTH DATA ELEMENTS
- fixed length control field: 210212|| aca||aabn | a|a d
040 ## - CATALOGING SOURCE
- Original cataloging agency: NUST
- Transcribing agency: NUST
150 ## - HEADING--TOPICAL TERM
- Topical term or geographic name entry element: Intellect
- General subdivision: Religious aspects
670 ## - SOURCE DATA FOUND
- Source citation: Work cat.: (NUST)0: Schuon, Frithjof, 1907-1998. 6063, Stations of wisdom /, 1995.
